[Event "Florianopolis Autumn op"]
[Site "Florianopolis"]
[Date "2024.04.13"]
[Round "2"]
[White "Pavao, Fabio Biasi"]
[Black "Goncalves, Davi Sulzbacher"]
[Result "0-1"]
[WhiteElo "1884"]
[BlackElo "2284"]
[PlyCount "100"]
[EventDate "2024.04.12"]
[EventType "swiss"]
[EventRounds "6"]
[EventCountry "BRA"]
[SourceTitle "CB18_2024"]
[SourceDate "2024.05.01"]
[SourceVersion "1"]
[SourceVersionDate "2024.05.01"]
[SourceQuality "2"]

1. c4 Nf6 2. g3 g6 3. Bg2 d5 4. cxd5 Nxd5 5. Nc3 Nb6 6. Nf3 Bg7 7. 0-0 0-0 8. d3 Bd7 9. Be3 Qc8 10. Qd2 Bh3 11. Bh6 Bxg2 12. Kxg2 Nc6 13. Bxg7 Kxg7 14. Rac1 e5 15. h4 h6 16. h5 g5 17. Ne4 g4 18. Nh4 f5 19. Nc5 Nd5 20. e4 Nde7 21. Qc3 Nd4 22. f4 b6 23. Nb3 c5 24. Nxd4 exd4 25. Qe1 Qc6 26. Kh2 fxe4 27. dxe4 Qe8 28. b4 Qxh5 29. bxc5 bxc5 30. Qa5 Rac8 31. Qxa7 Rf7 32. f5 Nxf5 33. Rxf5 Qxh4+ 34. gxh4 Rxa7 35. Rfxc5 Rxc5 36. Rxc5 Rd7 37. Rc1 Kf6 38. Kg3 Ke5 39. Kxg4 Kxe4 40. Re1+ Kd3 41. Kf3 Rf7+ 42. Kg4 Rf6 43. Re8 Kd2 44. a4 d3 45. a5 Kd1 46. Rb8 d2 47. Kg3 Rd6 48. Rb6 Rd3+ 49. Kf4 Kc2 50. Rc6+ Kb2 0-1

[Event "Titled Tuesday intern op 13th Feb Early"]
[Site "Chess.com INT"]
[Date "2024.02.13"]
[Round "1"]
[White "Goncalves, Davi Sulzbacher"]
[Black "Gabrielian, Artur"]
[Result "0-1"]
[WhiteElo "2284"]
[BlackElo "2442"]
[PlyCount "62"]
[EventDate "2024.02.13"]
[EventType "swiss (blitz)"]
[EventRounds "11"]
[EventCountry "USA"]
[SourceTitle "CB08_2024"]
[SourceDate "2024.02.21"]
[SourceVersion "1"]
[SourceVersionDate "2024.02.21"]
[SourceQuality "1"]

1. d4 Nf6 2. c4 c5 3. d5 e6 4. Nc3 exd5 5. cxd5 d6 6. e4 g6 7. f4 Bg7 8. Bb5+ Nfd7 9. a4 Na6 10. Nf3 Nb4 11. 0-0 a6 12. Bxd7+ Bxd7 13. e5 0-0 14. Ne4 dxe5 15. Nxe5 Bf5 16. Nxc5 Rc8 17. Be3 Nc2 18. Qf3 Nxa1 19. Rxa1 Qe7 20. Rd1 Rfd8 21. b4 a5 22. g4 Bc2 23. Rd2 axb4 24. Rxc2 b3 25. Rb2 Rxc5 26. Bxc5 Qxc5+ 27. Kg2 Rxd5 28. Rxb3 Rd2+ 29. Kh3 Qc2 30. Rxb7 Bxe5 31. fxe5 Rd3 0-1

[Event "Titled Tuesday intern op 13th Feb Early"]
[Site "Chess.com INT"]
[Date "2024.02.13"]
[Round "4"]
[White "Goncalves, Davi Sulzbacher"]
[Black "Shandrygin, Nikita"]
[Result "0-1"]
[WhiteElo "2284"]
[BlackElo "2209"]
[PlyCount "66"]
[EventDate "2024.02.13"]
[EventType "swiss (blitz)"]
[EventRounds "11"]
[EventCountry "USA"]
[SourceTitle "CB08_2024"]
[SourceDate "2024.02.21"]
[SourceVersion "1"]
[SourceVersionDate "2024.02.21"]
[SourceQuality "1"]

1. Nf3 Nf6 2. d4 g6 3. c4 Bg7 4. Nc3 d5 5. cxd5 Nxd5 6. e4 Nxc3 7. bxc3 c5 8. Be3 Qa5 9. Qd2 cxd4 10. cxd4 Qxd2+ 11. Bxd2 Nc6 12. Bb5 Bd7 13. Rb1 a6 14. Bxc6 Bxc6 15. d5 Bb5 16. a4 Bd3 17. Rxb7 Bxe4 18. Bg5 f6 19. Be3 Bxd5 20. Rb6 Kf7 21. 0-0 Rhd8 22. h4 a5 23. Rc1 Bf8 24. Rc7 h6 25. Nd4 Rac8 26. Rxc8 Rxc8 27. Rb5 Bc4 28. Rxa5 e5 29. Ra7+ Kg8 30. Nb5 Rb8 31. Nc7 Bd6 32. a5 e4 33. a6 Rb1+ 0-1

[Event "Titled Tuesday intern op 23rd Jan Late"]
[Site "Chess.com INT"]
[Date "2024.01.23"]
[Round "2"]
[White "Bokros, Albert"]
[Black "Goncalves, Davi Sulzbacher"]
[Result "1-0"]
[WhiteElo "2460"]
[BlackElo "2284"]
[PlyCount "63"]
[EventDate "2024.01.23"]
[EventType "swiss (blitz)"]
[EventRounds "11"]
[EventCountry "USA"]
[SourceTitle "CB05_2024"]
[SourceDate "2024.01.31"]
[SourceVersion "1"]
[SourceVersionDate "2024.01.31"]
[SourceQuality "1"]

1. e4 c5 2. Nf3 d6 3. d4 cxd4 4. Nxd4 Nf6 5. Nc3 g6 6. Be3 Bg7 7. f3 Nc6 8. Qd2 0-0 9. g4 Bxg4 10. fxg4 Nxg4 11. Nb3 Nce5 12. 0-0-0 Nxe3 13. Qxe3 a5 14. Kb1 a4 15. Nd4 Qa5 16. a3 Rfc8 17. h4 h5 18. Be2 e6 19. Rhg1 Kf8 20. Ndb5 Nc4 21. Bxc4 Rxc4 22. Nxd6 Rxc3 23. bxc3 Ra6 24. Ka2 Rc6 25. e5 Bxe5 26. Ne4 Bg7 27. Rb1 Qd5+ 28. Kb2 Rc4 29. Rge1 Qb5+ 30. Kc1 Qc6 31. Rb4 Rc5 32. Nxc5 1-0

[Event "Titled Tuesday intern op 16th Jan Late"]
[Site "Chess.com INT"]
[Date "2024.01.16"]
[Round "6"]
[White "Bortnyk, Olexandr"]
[Black "Goncalves, Davi Sulzbacher"]
[Result "0-1"]
[WhiteElo "2608"]
[BlackElo "2284"]
[PlyCount "94"]
[EventDate "2024.01.16"]
[EventType "swiss (blitz)"]
[EventRounds "11"]
[EventCountry "USA"]
[SourceTitle "CB04_2024"]
[SourceDate "2023.10.16"]
[SourceVersion "1"]
[SourceVersionDate "2023.10.16"]
[SourceQuality "1"]

1. d4 Nf6 2. Nc3 d5 3. Bf4 g6 4. e3 Bg7 5. h4 h5 6. Nf3 0-0 7. Qd2 c6 8. Ne5 b6 9. f3 Bb7 10. Bd3 Nbd7 11. g4 hxg4 12. fxg4 Nxe5 13. Bxe5 Qd7 14. 0-0-0 Ne4 15. Bxe4 dxe4 16. Bxg7 Kxg7 17. h5 g5 18. h6+ Kh8 19. Nxe4 f6 20. Rhg1 a5 21. Nc3 a4 22. a3 Qe6 23. e4 Qc4 24. d5 b5 25. dxc6 Bxc6 26. Qd4 Qe6 27. Nd5 Rad8 28. Kb1 Rd6 29. Nc7 Qd7 30. Nd5 e6 31. Rgf1 exd5 32. e5 Re6 33. exf6 Re4 34. Qc3 d4 35. Qc5 Rf7 36. Qxg5 Re2 37. Qg7+ Rxg7 38. hxg7+ Kg8 39. Rh1 Bxh1 40. Rxh1 Qe8 41. Rh8+ Kf7 42. Rxe8 Rxe8 43. g5 Re1+ 44. Ka2 Rg1 45. b3 Rxg5 46. bxa4 bxa4 47. c3 d3 0-1

[Event "Titled Tuesday intern op 16th Jan Late"]
[Site "Chess.com INT"]
[Date "2024.01.16"]
[Round "1"]
[White "Goncalves, Davi Sulzbacher"]
[Black "Blohberger, Felix"]
[Result "1-0"]
[WhiteElo "2284"]
[BlackElo "2533"]
[PlyCount "87"]
[EventDate "2024.01.16"]
[EventType "swiss (blitz)"]
[EventRounds "11"]
[EventCountry "USA"]
[SourceTitle "CB04_2024"]
[SourceDate "2023.10.16"]
[SourceVersion "1"]
[SourceVersionDate "2023.10.16"]
[SourceQuality "1"]

1. Nf3 g6 2. d4 Bg7 3. c4 d6 4. Nc3 Nf6 5. e4 0-0 6. Be2 e5 7. 0-0 Na6 8. d5 Nc5 9. Nd2 a5 10. b3 Bh6 11. Qc2 Bd7 12. a3 Nh5 13. Bxh5 gxh5 14. Nf3 Bxc1 15. Raxc1 f5 16. b4 axb4 17. axb4 fxe4 18. Nxe4 Nxe4 19. Qxe4 Bf5 20. Qe3 Bg6 21. h4 Rf4 22. g3 Re4 23. Qd2 Qf6 24. Ng5 Rd4 25. Qe2 Bd3 26. Qxh5 h6 27. Ne6 Rxc4 28. Rxc4 Bxc4 29. Qg4+ Kh8 30. Qxc4 c6 31. dxc6 bxc6 32. Nc7 Rc8 33. Qxc6 Qe7 34. Rc1 Qg7 35. b5 e4 36. Qxe4 Rxc7 37. Qe8+ Kh7 38. Rxc7 Qxc7 39. Qc6 Qa5 40. b6 Qe1+ 41. Kg2 Qb4 42. b7 Kg6 43. Qe8+ Kg7 44. b8Q 1-0

[Event "Titled Tuesday intern op 16th Jan Late"]
[Site "Chess.com INT"]
[Date "2024.01.16"]
[Round "4"]
[White "Goncalves, Davi Sulzbacher"]
[Black "Rodriguez, Santiago"]
[Result "1-0"]
[WhiteElo "2284"]
[BlackElo "2252"]
[PlyCount "57"]
[EventDate "2024.01.16"]
[EventType "swiss (blitz)"]
[EventRounds "11"]
[EventCountry "USA"]
[SourceTitle "CB04_2024"]
[SourceDate "2023.10.16"]
[SourceVersion "1"]
[SourceVersionDate "2023.10.16"]
[SourceQuality "1"]

1. Nf3 Nf6 2. d4 e6 3. c4 Bb4+ 4. Bd2 Qe7 5. g3 Nc6 6. Nc3 d6 7. Bg2 0-0 8. 0-0 e5 9. d5 Nb8 10. a3 Bxc3 11. Bxc3 Ne4 12. Be1 Nd7 13. Rc1 b6 14. Nd2 Nxd2 15. Bxd2 a5 16. e4 a4 17. f4 exf4 18. gxf4 f5 19. e5 Nc5 20. e6 c6 21. Rc3 b5 22. cxb5 cxb5 23. Be3 Ne4 24. Bxe4 fxe4 25. Qc2 b4 26. Rc7 Qf6 27. Qxe4 Qg6+ 28. Qxg6 hxg6 29. Bd4 1-0

[Event "Titled Tuesday intern op 16th Jan Late"]
[Site "Chess.com INT"]
[Date "2024.01.16"]
[Round "3"]
[White "Mekhitarian, Krikor Sevag"]
[Black "Goncalves, Davi Sulzbacher"]
[Result "1-0"]
[WhiteElo "2554"]
[BlackElo "2284"]
[PlyCount "151"]
[EventDate "2024.01.16"]
[EventType "swiss (blitz)"]
[EventRounds "11"]
[EventCountry "USA"]
[SourceTitle "CB04_2024"]
[SourceDate "2023.10.16"]
[SourceVersion "1"]
[SourceVersionDate "2023.10.16"]
[SourceQuality "1"]

1. Nf3 c5 2. c4 Nc6 3. Nc3 g6 4. d4 cxd4 5. Nxd4 Bg7 6. e3 Nf6 7. Be2 0-0 8. Nc2 d6 9. e4 Be6 10. Be3 Ne5 11. b3 Qa5 12. Bd2 Rfc8 13. 0-0 Qd8 14. h3 Ned7 15. f4 Nc5 16. Bf3 Rab8 17. Be3 a6 18. Nd4 Bd7 19. Rc1 b5 20. e5 Ne8 21. b4 Ne6 22. Nxe6 Bxe6 23. cxb5 axb5 24. Ba7 dxe5 25. Qxd8 Rxd8 26. Bxb8 Rxb8 27. fxe5 Bxe5 28. Nd5 Bd6 29. Rfd1 Kg7 30. a3 Ra8 31. Nf4 Rxa3 32. Nxe6+ fxe6 33. Bc6 Nc7 34. Bd7 Nd5 35. Bxb5 Nxb4 36. Be2 Re3 37. Bf3 Re5 38. Re1 Rxe1+ 39. Rxe1 Kf6 40. Bg4 e5 41. Bf3 Nc2 42. Rf1 Bc5+ 43. Kh1 Ne3 44. Rc1 Bd6 45. Be4 Nf5 46. Kh2 Nd4 47. Rf1+ Kg7 48. h4 e6 49. g3 Nf5 50. Kh3 Bc5 51. Rb1 Bf2 52. Rb3 h5 53. Rf3 Bd4 54. Rf1 Nd6 55. Re1 Nf5 56. Re2 Nd6 57. Bd3 Nf5 58. Ra2 Nd6 59. Ra6 Bc5 60. Rc6 Bb4 61. Kg2 Kf6 62. Kf3 Ke7 63. Bxg6 e4+ 64. Bxe4 Nxe4 65. Kxe4 Be1 66. Kf3 Kf6 67. Rc5 Kg6 68. Re5 Bc3 69. Rxe6+ Kg7 70. Rc6 Bd4 71. Kf4 Bf6 72. Kf5 Bd8 73. Rc4 Kh6 74. Rc2 Bc7 75. Rc6+ Kg7 76. Rxc7+ 1-0

[Event "Titled Tuesday intern op 16th Jan Late"]
[Site "Chess.com INT"]
[Date "2024.01.16"]
[Round "11"]
[White "Zampronha, Wladimir Camilo"]
[Black "Goncalves, Davi Sulzbacher"]
[Result "0-1"]
[WhiteElo "2121"]
[BlackElo "2284"]
[PlyCount "116"]
[EventDate "2024.01.16"]
[EventType "swiss (blitz)"]
[EventRounds "11"]
[EventCountry "USA"]
[SourceTitle "CB04_2024"]
[SourceDate "2023.10.16"]
[SourceVersion "1"]
[SourceVersionDate "2023.10.16"]
[SourceQuality "1"]

1. e4 e5 2. Nf3 Nf6 3. d4 Nxe4 4. Bd3 d5 5. Nxe5 Bd6 6. 0-0 0-0 7. c4 c6 8. Nc3 Nxc3 9. bxc3 dxc4 10. Bxc4 Bxe5 11. dxe5 Qxd1 12. Rxd1 b5 13. Bb3 Bg4 14. f3 Bf5 15. Ba3 Re8 16. Bd6 Nd7 17. a4 Nxe5 18. axb5 cxb5 19. Re1 Nd3 20. Rxe8+ Rxe8 21. Bc2 f6 22. Bxd3 Bxd3 23. Rxa7 Re1+ 24. Kf2 Re2+ 25. Kg3 Rc2 26. Ra8+ Kf7 27. Ra7+ Kg6 28. Bf8 Rxc3 29. Rxg7+ Kf5 30. Rxh7 Rc2 31. Rg7 Rb2 32. h4 b4 33. h5 b3 34. h6 Bf1 35. h7 Rxg2+ 36. Kh4 Rh2+ 37. Kg3 Rh3+ 38. Kf2 b2 39. Rb7 Rxh7 40. Rxb2 Rh2+ 41. Kxf1 Rxb2 42. Bh6 Rh2 43. Be3 Rc2 44. Bh6 Ke6 45. Be3 Kd5 46. Bh6 f5 47. Bf4 Kd4 48. Bg5 Kd3 49. Bh6 Rc4 50. Bg5 Rc2 51. Bh6 Rh2 52. Bg5 Kc2 53. Bf4 Rh5 54. Kf2 Kd3 55. Kg3 Ke2 56. Bc1 Rh1 57. Ba3 Rf1 58. f4 Rf3+ 0-1

[Event "Titled Tuesday intern op 12th Dec Early"]
[Site "Chess.com INT"]
[Date "2023.12.12"]
[Round "3"]
[White "Souleidis, Georgios"]
[Black "Goncalves, Davi Sulzbacher"]
[Result "1/2-1/2"]
[WhiteElo "2414"]
[BlackElo "2284"]
[PlyCount "109"]
[EventDate "2023.12.12"]
[EventType "swiss (blitz)"]
[EventRounds "11"]
[EventCountry "USA"]
[SourceTitle "CB51_2023"]
[SourceDate "2023.12.20"]
[SourceVersion "1"]
[SourceVersionDate "2023.12.20"]
[SourceQuality "1"]

1. e4 c5 2. Nf3 Nc6 3. Bc4 e6 4. 0-0 d5 5. Bb5 dxe4 6. Ne5 Nge7 7. Nc3 Qd4 8. Nxc6 Nxc6 9. Bxc6+ bxc6 10. Qe2 f5 11. b3 Bd6 12. Bb2 Qb4 13. d3 Ba6 14. Rfe1 Be5 15. a3 Qa5 16. b4 cxb4 17. axb4 Qxb4 18. Rxa6 Qxb2 19. Nxe4 fxe4 20. Qxe4 0-0 21. Qxe5 Qxc2 22. Qxe6+ Kh8 23. Qe2 Rae8 24. Qxe8 Qxf2+ 25. Kh1 h6 26. Qxf8+ Qxf8 27. Rea1 Qf5 28. Rxa7 Qxd3 29. h3 Qd4 30. R7a6 c5 31. Rc1 Qe3 32. Raa1 Qd4 33. Ra2 h5 34. Rac2 h4 35. Rxc5 Kh7 36. R5c4 Qf6 37. Rg4 Qf2 38. Rgc4 Qg3 39. R4c2 Qe3 40. Rc3 Qd2 41. Rc7 Qf4 42. R7c3 Qd2 43. Rc4 Qg5 44. Rd1 Qg3 45. Rcd4 Qf2 46. R4d3 Qe2 47. Rd4 Qf2 48. Rd5 Qg3 49. Rd7 Qf2 50. R1d3 Qe1+ 51. Kh2 Qe5+ 52. Kg1 Qe1+ 53. Kh2 Qe5+ 54. Kg1 Qe1+ 55. Kh2 1/2-1/2

[Event "Florianopolis op-A"]
[Site "Florianopolis"]
[Date "2023.09.24"]
[Round "5"]
[White "Casalaspro, Mathias Andre"]
[Black "Goncalves, Davi Sulzbacher"]
[Result "0-1"]
[WhiteElo "2031"]
[BlackElo "2282"]
[PlyCount "88"]
[EventDate "2023.09.22"]
[EventType "swiss"]
[EventRounds "6"]
[EventCountry "BRA"]
[SourceTitle "EXT 2024"]
[Source "ChessBase"]
[SourceDate "2023.10.10"]
[SourceVersion "1"]
[SourceVersionDate "2023.10.10"]
[SourceQuality "1"]

1. d4 Nf6 2. Bg5 d5 3. Bxf6 exf6 4. e3 c5 5. dxc5 Bxc5 6. c3 Nc6 7. Bd3 Ne5 8. Bb5+ Bd7 9. Bxd7+ Qxd7 10. Nf3 Qb5 11. Nxe5 fxe5 12. Qe2 Qb6 13. 0-0 0-0 14. b4 Be7 15. Nd2 Rac8 16. Rac1 f5 17. Nf3 e4 18. Nd4 f4 19. Qh5 g5 20. Qh3 Bf6 21. Qf5 Qd6 22. Nb5 Qe5 23. Qxe5 Bxe5 24. Rfd1 Rfd8 25. Rc2 a6 26. Nd4 Kf7 27. g3 Rc4 28. Ne2 f3 29. Nd4 Rdc8 30. Rdc1 h5 31. h3 Kf6 32. Kf1 b6 33. Ke1 Bxd4 34. exd4 e3 35. fxe3 Kf5 36. Kd2 Ke4 37. Rf1 R4c7 38. Rf2 Rxc3 39. Rxc3 Rxc3 40. Kxc3 Kxe3 41. Rh2 f2 42. Rh1 Ke2 43. h4 g4 44. Rh2 Ke1 0-1

[Event "Florianopolis op-A"]
[Site "Florianopolis"]
[Date "2023.09.23"]
[Round "2"]
[White "Becker, Rogerio Sperb"]
[Black "Goncalves, Davi Sulzbacher"]
[Result "0-1"]
[WhiteElo "2111"]
[BlackElo "2282"]
[PlyCount "57"]
[EventDate "2023.09.22"]
[EventType "swiss"]
[EventRounds "6"]
[EventCountry "BRA"]
[SourceTitle "EXT 2024"]
[Source "ChessBase"]
[SourceDate "2023.10.10"]
[SourceVersion "1"]
[SourceVersionDate "2023.10.10"]
[SourceQuality "1"]

1. c4 Nf6 2. Nf3 e6 3. Nc3 d5 4. cxd5 Nxd5 5. e4 Nxc3 6. dxc3 Qxd1+ 7. Kxd1 Nd7 8. Bf4 c6 9. Bc4 Nc5 10. Re1 b5 11. Bf1 f6 12. b4 Na4 13. Kc2 e5 14. Be3 a6 15. Nd2 c5 16. bxc5 Bxc5 17. Bxc5 Nxc5 18. Nb3 Na4 19. c4 Bd7 20. cxb5 axb5 21. Kd2 Ke7 22. Rec1 Kd6 23. f3 h5 24. Ke3 h4 25. Rd1+ Ke7 26. Rd2 Rhc8 27. Rc1 Nc3 28. Rcc2 Be6 29. Bd3 0-1

[Event "Titled Tuesday intern op 05th Sep Late"]
[Site "Chess.com INT"]
[Date "2023.09.05"]
[Round "2"]
[White "Goncalves, Davi Sulzbacher"]
[Black "Andreassen, Lars"]
[Result "0-1"]
[WhiteElo "2282"]
[BlackElo "2168"]
[PlyCount "98"]
[EventDate "2023.09.05"]
[EventType "swiss (blitz)"]
[EventRounds "11"]
[EventCountry "USA"]
[SourceTitle "EXT 2024"]
[Source "ChessBase"]
[SourceDate "2023.10.10"]
[SourceVersion "1"]
[SourceVersionDate "2023.10.10"]
[SourceQuality "1"]

1. e4 d6 2. d4 Nf6 3. Nc3 e5 4. dxe5 dxe5 5. Qxd8+ Kxd8 6. Bc4 Be6 7. Bxe6 fxe6 8. Nf3 Bd6 9. Be3 Ke7 10. 0-0-0 a6 11. h3 Nbd7 12. g4 h6 13. a3 b5 14. b4 a5 15. Nxb5 axb4 16. Nxd6 cxd6 17. axb4 Rhb8 18. c3 Nxe4 19. Kb2 Nb6 20. Ra1 Nc4+ 21. Kb3 Nxe3 22. fxe3 Rxa1 23. Rxa1 Rc8 24. Ra7+ Kf6 25. c4 Rb8 26. b5 d5 27. Kb4 dxc4 28. Kxc4 Nd6+ 29. Kc5 Nxb5 30. Nxe5 Nxa7 31. Nd7+ Kg5 32. Nxb8 Kh4 33. Nd7 Kxh3 34. Ne5 Nc8 35. Ng6 Kxg4 36. Kc6 h5 37. Kc7 Na7 38. Kd6 Nb5+ 39. Kxe6 h4 40. Nxh4 Kxh4 41. Kf5 g5 42. e4 Nd6+ 43. Ke5 Nxe4 44. Kxe4 Kg3 45. Ke3 Kg2 46. Ke2 g4 47. Ke1 g3 48. Ke2 Kh1 49. Ke1 g2 0-1

[Event "Titled Tuesday intern op 25th Jul Late"]
[Site "Chess.com INT"]
[Date "2023.07.25"]
[Round "2"]
[White "Goncalves, Davi Sulzbacher"]
[Black "Bolourchifard, Farzad"]
[Result "0-1"]
[WhiteElo "2282"]
[BlackElo "2292"]
[PlyCount "74"]
[EventDate "2023.07.25"]
[EventType "swiss (blitz)"]
[EventRounds "11"]
[EventCountry "USA"]
[SourceTitle "EXT 2024"]
[Source "ChessBase"]
[SourceDate "2023.10.10"]
[SourceVersion "1"]
[SourceVersionDate "2023.10.10"]
[SourceQuality "1"]

1. Nf3 d5 2. d4 Nf6 3. c4 e6 4. Nc3 Be7 5. Bg5 h6 6. Bh4 0-0 7. e3 Nbd7 8. Rc1 c6 9. Qc2 a6 10. c5 Nh5 11. Bg3 f5 12. Be5 Nhf6 13. Bd3 Ne4 14. g4 fxg4 15. Bxe4 gxf3 16. Bh7+ Kh8 17. Bxg7+ Kxg7 18. Qg6+ Kh8 19. Qxh6 Bg5 20. Qh5 Nf6 21. Qxg5 Nxh7 22. Qg3 e5 23. Rg1 Qe7 24. dxe5 Be6 25. Kd2 Rf5 26. h4 Rg8 27. Qh2 Qxc5 28. Rxg8+ Bxg8 29. Rg1 Qe7 30. Qg3 Be6 31. e4 Rf8 32. exd5 cxd5 33. Re1 d4 34. Ne4 Qb4+ 35. Kd1 Qa4+ 36. Kd2 Qxa2 37. Nf6 Qxb2+ 0-1

[Event "Titled Tuesday intern op 25th Jul Late"]
[Site "Chess.com INT"]
[Date "2023.07.25"]
[Round "8"]
[White "Goncalves, Davi Sulzbacher"]
[Black "Graif, William"]
[Result "1-0"]
[WhiteElo "2282"]
[BlackElo "2304"]
[PlyCount "195"]
[EventDate "2023.07.25"]
[EventType "swiss (blitz)"]
[EventRounds "11"]
[EventCountry "USA"]
[SourceTitle "EXT 2024"]
[Source "ChessBase"]
[SourceDate "2023.10.10"]
[SourceVersion "1"]
[SourceVersionDate "2023.10.10"]
[SourceQuality "1"]

1. d4 Nf6 2. Nf3 d5 3. Bg5 Ne4 4. Bh4 h5 5. e3 f6 6. Nbd2 g5 7. Nxe4 dxe4 8. Nxg5 fxg5 9. Bxg5 Qd5 10. Bf4 Nc6 11. Be2 Bg4 12. Bxg4 hxg4 13. Qxg4 Rg8 14. Qh3 e6 15. 0-0 0-0-0 16. b3 Bd6 17. c4 Qf5 18. Qxf5 exf5 19. Bxd6 cxd6 20. g3 d5 21. Rfc1 Kb8 22. a3 Na5 23. Rab1 Rg6 24. c5 Rc8 25. Rc3 b6 26. Rbc1 Rgc6 27. b4 Nc4 28. b5 R6c7 29. c6 a6 30. a4 Ra7 31. Rxc4 dxc4 32. d5 Kc7 33. Rxc4 axb5 34. axb5 Kd6 35. Rd4 Ra5 36. g4 Rxb5 37. gxf5 Rxd5 38. Rxe4 Rxf5 39. f4 Rxc6 40. Kf2 b5 41. Kf3 b4 42. Rxb4 Rh5 43. Kg3 Kc5 44. Re4 Rg6+ 45. Kf3 Rxh2 46. Re5+ Kd6 47. Ke4 Rh3 48. Rd5+ Ke6 49. Ra5 Rgg3 50. Ra6+ Kf7 51. Ra3 Kf6 52. Ra6+ Ke7 53. Ra3 Rg1 54. Ke5 Re1 55. Ra7+ Ke8 56. e4 Rhe3 57. Ra4 Kf7 58. f5 R3e2 59. Kd5 Rd2+ 60. Ke5 Rde2 61. Kf4 Rc1 62. Ra7+ Kf8 63. Ra8+ Kf7 64. Ra7+ Kf8 65. f6 Rf2+ 66. Ke5 Rc5+ 67. Kd6 Rb5 68. e5 Rd2+ 69. Ke6 Kg8 70. Ra8+ Kh7 71. f7 Rf2 72. f8Q Rxf8 73. Rxf8 Kg7 74. Rf7+ Kg8 75. Rf1 Rb6+ 76. Kd7 Rb7+ 77. Kc6 Re7 78. Kd6 Re8 79. e6 Kg7 80. e7 Ra8 81. Re1 Kf7 82. Rf1+ Kg7 83. Rf4 Ra6+ 84. Ke5 Ra8 85. Ke6 Ra6+ 86. Kd7 Ra7+ 87. Kd8 Ra8+ 88. Kc7 Ra7+ 89. Kd6 Ra6+ 90. Ke5 Ra7 91. e8Q Ra5+ 92. Ke4 Ra4+ 93. Kf3 Ra3+ 94. Kg4 Ra2 95. Qf7+ Kh8 96. Qf8+ Kh7 97. Rf7+ Kg6 98. Qg7# 1-0

[Event "Titled Tuesday intern op 25th Jul Late"]
[Site "Chess.com INT"]
[Date "2023.07.25"]
[Round "1"]
[White "Goncalves, Davi Sulzbacher"]
[Black "Tsaruk, Maksim"]
[Result "1-0"]
[WhiteElo "2282"]
[BlackElo "2393"]
[PlyCount "89"]
[EventDate "2023.07.25"]
[EventType "swiss (blitz)"]
[EventRounds "11"]
[EventCountry "USA"]
[SourceTitle "EXT 2024"]
[Source "ChessBase"]
[SourceDate "2023.10.10"]
[SourceVersion "1"]
[SourceVersionDate "2023.10.10"]
[SourceQuality "1"]

1. e4 e5 2. Nf3 Nc6 3. Bb5 a6 4. Ba4 Nf6 5. 0-0 b5 6. Bb3 Be7 7. Re1 0-0 8. a4 b4 9. d3 d6 10. a5 Be6 11. Nbd2 h6 12. c3 Rb8 13. Bc4 Qc8 14. d4 bxc3 15. bxc3 exd4 16. cxd4 Bxc4 17. Nxc4 d5 18. exd5 Nxd5 19. Nce5 Ncb4 20. Ba3 Rb5 21. h3 Rxa5 22. Qd2 Qf5 23. Nc4 Ra4 24. Nb2 Ra5 25. Rxe7 Nxe7 26. Qxb4 Re8 27. Nc4 Nc6 28. Qc3 Ra4 29. Ne3 Qa5 30. Qxc6 Rb8 31. Qc5 Qxc5 32. dxc5 Rb3 33. Rd1 Raxa3 34. Rd8+ Kh7 35. Ne5 Rb1+ 36. Kh2 f6 37. Nf7 Rc3 38. h4 Kg6 39. Nh8+ Kh5 40. g4+ Kxh4 41. Ng6+ Kg5 42. Ne7 Rxc5 43. Rd4 h5 44. f4+ Kh4 45. Ng6# 1-0

[Event "Titled Tuesday intern op 25th Jul Late"]
[Site "Chess.com INT"]
[Date "2023.07.25"]
[Round "6"]
[White "Lopez Perdomo, Juan David"]
[Black "Goncalves, Davi Sulzbacher"]
[Result "0-1"]
[WhiteElo "2029"]
[BlackElo "2282"]
[PlyCount "56"]
[EventDate "2023.07.25"]
[EventType "swiss (blitz)"]
[EventRounds "11"]
[EventCountry "USA"]
[SourceTitle "EXT 2024"]
[Source "ChessBase"]
[SourceDate "2023.10.10"]
[SourceVersion "1"]
[SourceVersionDate "2023.10.10"]
[SourceQuality "1"]

1. d4 Nf6 2. e3 c5 3. c3 d5 4. Bd3 Nc6 5. Ne2 Bg4 6. 0-0 e6 7. f3 Bh5 8. Qa4 Bd6 9. dxc5 Bxc5 10. Nd4 Qb6 11. b4 Bxd4 12. exd4 0-0 13. Nd2 Nxd4 14. Kh1 Rac8 15. Bb2 Nc6 16. c4 Qxb4 17. Qc2 Bg6 18. Bxf6 gxf6 19. Rab1 Qe7 20. cxd5 Nb4 21. Qb3 Nxd3 22. dxe6 Qxe6 23. Qxb7 Rc2 24. Ne4 Bxe4 25. fxe4 Qg4 26. e5 fxe5 27. Rb3 e4 28. h3 Qxg2# 0-1

[Event "Titled Tuesday intern op 25th Jul Late"]
[Site "Chess.com INT"]
[Date "2023.07.25"]
[Round "4"]
[White "Omelja, Artem"]
[Black "Goncalves, Davi Sulzbacher"]
[Result "1-0"]
[WhiteElo "2457"]
[BlackElo "2282"]
[PlyCount "179"]
[EventDate "2023.07.25"]
[EventType "swiss (blitz)"]
[EventRounds "11"]
[EventCountry "USA"]
[SourceTitle "EXT 2024"]
[Source "ChessBase"]
[SourceDate "2023.10.10"]
[SourceVersion "1"]
[SourceVersionDate "2023.10.10"]
[SourceQuality "1"]

1. d4 Nf6 2. c4 g6 3. Nc3 d5 4. Bg5 Bg7 5. Bxf6 Bxf6 6. cxd5 c6 7. dxc6 Nxc6 8. e3 0-0 9. Nf3 Bg4 10. Be2 e5 11. d5 Nb4 12. a3 Na6 13. 0-0 e4 14. Nxe4 Bxb2 15. Rb1 Bxa3 16. Rxb7 Nc5 17. Nxc5 Bxc5 18. Rb1 a5 19. e4 a4 20. Ra1 a3 21. Ne5 Bxe2 22. Qxe2 Re8 23. Nd3 Bd4 24. Ra2 Qh4 25. e5 Qg5 26. Re1 Bc3 27. f4 Qd8 28. d6 Bxe1 29. Qxe1 Qb6+ 30. Kf1 Qb5 31. Qe2 Qb1+ 32. Kf2 Ra4 33. d7 Rf8 34. g3 Qb3 35. Nc5 Qb6 36. Qe3 Ra5 37. Ne4 Qe6 38. Nf6+ Kg7 39. Rxa3 Rxa3 40. Qxa3 Rb8 41. Qc3 Ra8 42. Qd3 Ra2+ 43. Kf3 Qc6+ 44. Ne4 Ra8 45. d8Q Rxd8 46. Qxd8 Qc2 47. Qf6+ Kf8 48. Qd8+ Kg7 49. Qd2 Qb3+ 50. Qe3 Qd5 51. Qe2 Qb3+ 52. Kf2 Qb6+ 53. Qe3 Qc6 54. Kf3 Qc2 55. g4 Qd1+ 56. Qe2 Qb3+ 57. Kg2 Qd5 58. Qf3 Qa2+ 59. Nf2 Qc2 60. h3 Qb2 61. Kg3 Qc2 62. f5 Qc5 63. Qf4 h6 64. f6+ Kh7 65. h4 Qc3+ 66. Kg2 Qb2 67. g5 h5 68. Qe4 Qc3 69. e6 Qc7 70. e7 Qd8 71. Qf3 Qc8 72. Qd3 Qa8+ 73. Qe4 Qc8 74. Nh3 Qa8 75. Qf3 Qc8 76. Nf4 Qa8 77. Kg3 Qb8 78. Qe4 Qa8 79. Qe3 Qb8 80. Qf3 Qa8 81. e8Q Qxe8 82. Nxh5 gxh5 83. Qxh5+ Kg8 84. Qf3 Qb8+ 85. Kg4 Qc8+ 86. Kh5 Qe6 87. Qd3 Qe8 88. Qf5 Qe2+ 89. Qg4 Qe4 90. Qxe4 1-0

[Event "Titled Tuesday intern op 25th Jul Late"]
[Site "Chess.com INT"]
[Date "2023.07.25"]
[Round "3"]
[White "Veljanoski, Andrej"]
[Black "Goncalves, Davi Sulzbacher"]
[Result "0-1"]
[WhiteElo "2327"]
[BlackElo "2282"]
[PlyCount "40"]
[EventDate "2023.07.25"]
[EventType "swiss (blitz)"]
[EventRounds "11"]
[EventCountry "USA"]
[SourceTitle "EXT 2024"]
[Source "ChessBase"]
[SourceDate "2023.10.10"]
[SourceVersion "1"]
[SourceVersionDate "2023.10.10"]
[SourceQuality "1"]

1. c4 e5 2. Nc3 Nc6 3. g3 g6 4. Bg2 Bg7 5. b3 Nge7 6. Bb2 0-0 7. d3 d6 8. Nf3 Be6 9. 0-0 h6 10. a3 f5 11. Qc2 g5 12. b4 g4 13. Nd2 f4 14. Nd5 Nf5 15. gxf4 Nfd4 16. Qd1 exf4 17. e3 Nf3+ 18. Bxf3 gxf3 19. Bxg7 Qg5+ 20. Kh1 Qg2# 0-1